000 00271nam a2200109Ia 4500
001 1276031
005 20260417160439.0
008 260417s9999 xx 000 0 und d
020 _a9786256999879
245 0 _aEn Güzel Mavi
_cİbtihaj Muhammad
260 _bKetebe Çocuk
999 _c1276031
_d1276031